Military sketching made easy and military maps explained /

Bibliographic Details
Main Author: Hutchinson, H. D. (Henry Doveton), 1847-
Other Authors: Pearson, R. F. (Robert Frederick), b. 1868
Format: Book
Language:English
Published: London : Gale & Polden, Ltd.; [etc., etc.], [1916]
Edition:7th ed.
Series:Gale & Polden's military series.
Subjects:

MARC

Tag First Indicator Second Indicator Subfields
LEADER 00000cam a2200000 4500
001 in00000013214
005 20151007052344.0
008 850516s1916 enkaf 00010 eng
010 |a  20001525  
035 |a (OCoLC)12041160 
035 |9 AAA7428AM 
040 |a DLC  |c DRB  |d TXA  |d UtOrBLW 
049 |a TXAM  |c [A08367102] 
050 0 0 |a UG470  |b .H96 1916 
082 0 4 |a 623.71  |a H972m 
100 1 |a Hutchinson, H. D.  |q (Henry Doveton),  |d 1847- 
245 1 0 |a Military sketching made easy and military maps explained /  |c By Colonel H.D. Hutchinson. 
250 |a 7th ed.  |b Rev. and brought up to date by Major R.F. Pearson ... 
264 1 |a London :  |b Gale & Polden, Ltd.; [etc., etc.],  |c [1916] 
300 |a xv, 1 unnumbered page, 230 pages :  |b XXXIX plate (part folded) diagrams ;  |c 18 cm. 
336 |a text  |b txt  |2 rdacontent 
337 |a unmediated  |b n  |2 rdamedia 
338 |a volume  |b nc  |2 rdacarrier 
490 1 |a Gale & Polden's military series 
650 0 |a Military topography. 
650 0 |a Military maps. 
700 1 |a Pearson, R. F.  |q (Robert Frederick),  |d b. 1868. 
830 0 |a Gale & Polden's military series. 
999 |a MARS 
999 f f |s a89516af-1f49-3b39-a80a-482561d5d306  |i ba019683-282e-3956-8eb3-9b6e15ed7379  |t 0 
952 f f |p normal  |a Texas A&M University  |b College Station  |c Sterling C. Evans Library  |d Evans: Library Stacks  |t 0  |e UG470 .H96 1916  |h Library of Congress classification  |i unmediated -- volume  |m A14808367102 
998 f f |a UG470 .H96 1916  |t 0  |l Evans: Library Stacks